000 00432nam a22001697a 4500
003 GBCCL
005 20251201142150.0
008 190715b ||||| |||| 00| 0 eng d
020 _a8122135390
020 _a9788122135398
040 _cgbc
082 _a220.59593
_bKOR 1
245 _aThe Holy Bible (Korku: Ruma)
260 _aBangalore:
_bThe Bible Society of India,
_c2018
650 _aBible
_vRuma
_914286
942 _2ddc
_cREF
999 _c8210
_d8210